[Event "Bolzano op 11th"]
[Site "Bolzano"]
[Date "1996.10.??"]
[Round "?"]
[White "Mrdja, Milan"]
[Black "Widmann, Paul"]
[Result "1-0"]
[WhiteElo "2455"]
[BlackElo "1881"]
[PlyCount "33"]
[EventDate "1996.10.??"]
[EventType "swiss"]
[EventRounds "9"]
[EventCountry "ITA"]
[SourceTitle "EXT 2024"]
[Source "ChessBase"]
[SourceDate "2023.10.10"]
[SourceVersion "1"]
[SourceVersionDate "2023.10.10"]
[SourceQuality "1"]

1. e4 e5 2. Nf3 Nc6 3. Bb5 a6 4. Ba4 Nf6 5. 0-0 Be7 6. Re1 b5 7. Bb3 0-0 8. h3 d6 9. c3 Bb7 10. d4 Re8 11. Nbd2 Bf8 12. a3 h6 13. Ba2 exd4 14. cxd4 Nb8 15. e5 dxe5 16. dxe5 Ne4 17. Qb3 1-0

[Event "Bolzano op 11th"]
[Site "Bolzano"]
[Date "1996.10.??"]
[Round "?"]
[White "Widmann, Paul"]
[Black "Dallaglio, Giovanni"]
[Result "1-0"]
[WhiteElo "1881"]
[BlackElo "2080"]
[PlyCount "104"]
[EventDate "1996.10.??"]
[EventType "swiss"]
[EventRounds "9"]
[EventCountry "ITA"]
[SourceTitle "EXT 2024"]
[Source "ChessBase"]
[SourceDate "2023.10.10"]
[SourceVersion "1"]
[SourceVersionDate "2023.10.10"]
[SourceQuality "1"]

1. e4 c5 2. Nf3 g6 3. c4 Bg7 4. d4 Qa5+ 5. Bd2 Qb6 6. Bc3 cxd4 7. Bxd4 Bxd4 8. Qxd4 Qxd4 9. Nxd4 Nc6 10. Nb5 Kf8 11. N1c3 Nf6 12. Rd1 Kg7 13. Be2 d6 14. 0-0 a6 15. Nc7 Rb8 16. N7d5 Be6 17. Nb6 Rhd8 18. h3 Nd7 19. Nxd7 Rxd7 20. f4 f6 21. Rf3 Rc7 22. b3 Rbc8 23. Na4 Na7 24. Nb6 Rb8 25. a4 Nc8 26. Nxc8 Rbxc8 27. Re3 a5 28. g4 Rc5 29. Bf3 b6 30. Kg2 R8c7 31. Kg3 Bf7 32. h4 h6 33. Be2 Be8 34. Bf3 Bf7 35. Rde1 e5 36. Rd3 R5c6 37. Red1 Rd7 38. g5 hxg5 39. hxg5 Rd8 40. Bg4 Bg8 41. R3d2 Bh7 42. Be6 exf4+ 43. Kxf4 fxg5+ 44. Kxg5 Rc5+ 45. Rd5 Rxd5+ 46. Rxd5 Kf8 47. Kf6 Bg8 48. Bxg8 Kxg8 49. Kxg6 Kf8 50. Kf6 Rd7 51. Ke6 Re7+ 52. Kxd6 Rxe4 1-0